000
00250nam a22001217a 4500
999
_c
162470
_d
162470
082
_a
_b
100
_a
Bhola P L
245
_a
History quiz/
_c
by Bhola P L.
260
_a
New Delhi:
_b
Anmol,
_c
1993.
300
_a
126p.
650
_a
942
_c
BK